| 000 | 01154na a2200349 4500 | ||
|---|---|---|---|
| 001 | 22160 | ||
| 003 | MIRAKIL | ||
| 005 | 20181226092845.0 | ||
| 008 | 170211b tu n0 0 0 | ||
| 022 | _a2147-8112 | ||
| 035 | _a20919 | ||
| 040 |
_aMilas _btur _cTR-AnCHP |
||
| 041 | _atur | ||
| 090 | _a050 DER 101 | ||
| 222 | _aMeclis özel | ||
| 245 |
_aMeclis özel _baylık ekonomi, siyasi, aktüel haber dergisi _cİmtiyaz sahibi ve sorumlu yazı işleri müdürü Özlem Tansal Güre |
||
| 246 | _aMeclis özel dergisi | ||
| 260 |
_aAnkara _bMeclis Özel _c2012- |
||
| 300 |
_ac. _brnk. res. _c30 sm. |
||
| 310 | _aAylık | ||
| 362 | _ayıl 2, sayı 2 (Kasım 2014)- | ||
| 500 | _aMevcut sayılar; (24) Kasım 2014; (31) Haziran 2015; (33) Ağustos 2015 | ||
| 500 | _aOnline olarak erişilebilir. | ||
| 500 | _aEkonomi, siyasi, aktüel, haber dergisidir | ||
| 650 |
_aEkonomi _vSüreli yayınlar |
||
| 650 |
_aSiyaset _vSüreli yayınlar |
||
| 651 |
_aTürkiye _vSüreli yayınlar _xSiyaset ve yönetim |
||
| 655 | _aDergi | ||
| 910 | _aDERGİ 101 | ||
| 942 |
_2ddc _cSER |
||
| 999 |
_c11462 _d11462 |
||